Quiz o historii Polski - Statystyki

Ogólne statystyki
  • Ten quiz został rozwiązany 81 razy
    52 od ostatniego zresetowania
  • Średni wynik to 11 z 15
Statystyki odpowiedzi
Podpowiedź Odpowiedź % Poprawnych
Kiedy Polska przyjeła Chrzest 966
98%
Data bitwy Pod Grumwaldem 1410
96%
Złoty wiek Polski 17
96%
Kto był pierwszym królem Polski Bolesław Chrobry
96%
Ile trwała II wojna Światowa 6
91%
Co było pierwszą stolicą Polski Gniezno
91%
Data drugich rozbiorów Polski 1793
87%
Na kogo się mówi że zastał Polskę drewnianą a zostawił murowaną Kazimierz Wielki
82%
Stolica Królestwa Polski Kraków
82%
Do ilu Mórz miało dostęp Międzymorze 3
76%
Kto był pierwszym władcą Polski Mieszko 1
69%
Data Odsieczy Wiedeńskiej 1683
60%
Stolica Księstwa Śląskiego Wrocław
38%
Co dało początek godle Polskiemu Orzeł Biały
18%
Największy wasal Królestwa Polskiego Księstwo Mazowieckie
0%
Nie znaleziono quizów pasujących do podanych kryteriów
Rozkład punktacji
Procent ludzi z każdym wynikiem
Percentyl według liczby udzielonych odpowiedzi
Twoja historia wyników
Nie rozwiązałeś tego quizu od ostatniego zresetowania